000 00566cam a2200145 4500500
005 20260208005827.0
041 _afre
042 _adc
100 1 0 _aPich, Edgard
_eauthor
245 0 0 _aIDA MERELLO, Charles Guérin, Schena Editore Fasano (Italia), 2002. Un vol. 20,8 × 13,8 de 199 p.
260 _c2005.
500 _a20
786 0 _nRevue d'histoire littéraire de la France | 105 | 3 | 2005-06-01 | p. 655zs-764zs | 0035-2411
856 4 1 _uhttps://shs.cairn.info/revue-d-histoire-litteraire-de-la-france-2005-3-page-655zs?lang=fr&redirect-ssocas=7080
999 _c1653978
_d1653978